00561pam a2200157 a 4500020002800000040000800028082002600036100002100062245005200083246005200135260012800187300003400315650001400349650001500363650002500378 a0865659613 (hard cover) cDLC00a747 DIS 1995 C153 Or.1 aHighton, Leonie.10aHouse & garden book of bedrooms and bathrooms /3 aHouse and garden book of bedrooms and bathrooms aNew York :bVendome Press :bDistributed in the USA and Canada by Rizzoli International through St. Martin's Press,cc1995. a223 p. :bcol. ill. ;c28 cm. 0aBedrooms. 0aBathrooms. 0aInterior decoration.